| 000 | 00450nam a22001457a 4500 | ||
|---|---|---|---|
| 020 | _a^0894130129 | ||
| 082 | _a657.45 SAW | ||
| 100 |
_aLAWRENCE B. SAWYER _92067 |
||
| 245 | _aTHE PRACTICE OF MODERN INTERNAL AUDITING | ||
| 260 |
_aNEWYORK _bTHE INSTITUTE OF INTERNAL AUDITORS, INC _c1973 |
||
| 300 |
_aXX;531P _bINC.DRAWINGS AND TABLES; 22CM |
||
| 500 | _aINC.INDEX,APPENDICES, | ||
| 650 |
_aAPPRAISING OPERATIONS FOR MANAGEMENT _98210 |
||
| 942 | _cBK | ||
| 999 |
_c20431 _d20431 |
||